|
|
|
|
| LEADER |
01292nam a2200289 4500 |
| 001 |
10113836 |
| 003 |
upatras |
| 005 |
20210117205129.0 |
| 008 |
140903s1986 us eng |
| 020 |
|
|
|a 0521339235
|
| 040 |
|
|
|a GR-PaULI
|e AACR2
|c GR-PaULI
|
| 041 |
0 |
|
|a eng
|
| 082 |
0 |
4 |
|a 512.74
|
| 245 |
1 |
0 |
|a Diophantine analysis
|b proceedings of the Number Theory Section of the 1985 Australian Mathematical Society Convention
|c ; edited by J.H. Loxton, A.J. Van Der Poorten
|
| 260 |
|
|
|a Cambridge [Cambridgeshire]
|b Cambridge University Press
|c 1986
|
| 300 |
|
|
|a 170 σ.
|c 23 εκ.
|
| 490 |
1 |
|
|a London Mathematical Society lecture note series
|v 109
|
| 504 |
|
|
|a Περιέχει βιβλιογραφία και ευρετήριο
|
| 650 |
|
4 |
|a Αριθμοί, Θεωρία των
|9 223
|
| 700 |
1 |
|
|a Loxton, J. H.
|4 edt
|9 140344
|
| 700 |
1 |
|
|a Van Der Poorten, A. J.
|4 edt
|9 3838
|
| 760 |
1 |
|
|a London Mathematical Society lecture note series
|g 109
|
| 852 |
|
|
|a GR-PaULI
|b ΠΑΤΡΑ
|b ΒΚΠ
|b ΒΣ1
|k ΑΣΧΞ
|h 512.74 AUS
|m 122360
|p 025000239281
|t 1
|
| 942 |
|
|
|2 ddc
|c BK15
|
| 952 |
|
|
|0 0
|1 0
|4 0
|6 512_740000000000000_AUS
|7 0
|9 169626
|a LISP
|b LISP
|c REF
|d 2016-04-24
|i 122360
|l 0
|o 512.74 AUS
|p 025000239281
|r 2016-04-24 00:00:00
|t 1
|w 2016-04-24
|y BKN
|
| 998 |
|
|
|c ΜΠΟΥΡΑΣ
|d 2014-089
|
| 999 |
|
|
|c 106132
|d 106132
|